Менеджмент в туризме: учебное пособие

Dettagli Bibliografici
Autore principale: Скобкин С. С. Сергей Сергеевич
Riassunto:В пособии раскрыты вопросы организации и управления туристической деятельностью, проанализированы факторы, влияющие на экономику туристических предприятий, возможные проблемы и пути их решения. Рассмотрены функции и методы управления человеческими ресурсами и трудовыми процессами в туризме, специфика проектирования организационных структур. Выявлена роль менеджера в стратегии управления и принятия управленческих решений. Описаны особенности инновационного менеджмента и управления проектами в туризме. В пособие включен практикум, содержащий тесты и деловые ситуации по всем темам, рассмотренным в теоретической части книги. Для студентов и аспирантов, изучающих теорию и практику управления предприятиями индустрии гостеприимства, а также специалистов и руководителей этих предприятий и организаций.
Lingua:russo
Pubblicazione: Москва, Магистр, 2007
Soggetti:
Natura: MixedMaterials Libro
KOHA link:https://koha.lib.tpu.ru/cgi-bin/koha/opac-detail.pl?biblionumber=127603

MARC

LEADER 00000nam0a2200000 4500
001 127603
005 20231101220050.0
010 |a 9785977600200 
035 |a (RuTPU)RU\TPU\book\138047 
090 |a 127603 
100 |a 20071218d2007 m y0rusy50 ca 
101 0 |a rus 
102 |a RU 
105 |a y j 000zy 
200 1 |a Менеджмент в туризме  |e учебное пособие  |f С. С. Скобкин 
210 |a Москва  |c Магистр  |d 2007 
215 |a 447 с. 
330 |a В пособии раскрыты вопросы организации и управления туристической деятельностью, проанализированы факторы, влияющие на экономику туристических предприятий, возможные проблемы и пути их решения. Рассмотрены функции и методы управления человеческими ресурсами и трудовыми процессами в туризме, специфика проектирования организационных структур. Выявлена роль менеджера в стратегии управления и принятия управленческих решений. Описаны особенности инновационного менеджмента и управления проектами в туризме. В пособие включен практикум, содержащий тесты и деловые ситуации по всем темам, рассмотренным в теоретической части книги. Для студентов и аспирантов, изучающих теорию и практику управления предприятиями индустрии гостеприимства, а также специалистов и руководителей этих предприятий и организаций. 
606 1 |a Туризм  |x Менеджмент  |2 stltpush  |3 (RuTPU)RU\TPU\subj\37129  |9 58267 
610 1 |a экономика 
610 1 |a туризм 
610 1 |a управление 
610 1 |a менеджмент 
610 1 |a маркетинг 
610 1 |a управленческая культура 
610 1 |a труд 
610 1 |a организация труда 
610 1 |a организационные структуры 
610 1 |a персонал 
610 1 |a кадры 
610 1 |a человеческие ресурсы 
610 1 |a управленческие решения 
610 1 |a менеджеры 
610 1 |a туристический продукт 
610 1 |a инновационный менеджмент 
610 1 |a проекты 
610 1 |a туристическая деятельность 
610 1 |a туристические предприятия 
610 1 |a практикумы 
610 1 |a учебные пособия 
686 |a У9(2)43я73  |v LBC/SL-A  |2 rubbk 
700 1 |a Скобкин  |b С. С.  |g Сергей Сергеевич 
801 1 |a RU  |b 63413507  |c 20071218  |g PSBO 
801 2 |a RU  |b 63413507  |c 20150603  |g PSBO 
900 |a Менеджмент 
900 |a Менеджмент в социально-культурном сервисе и туризме 
900 |a Инновации в социально-культурном сервисе и туризме 
942 |c BK 
951 |b 100103 
959 |a 95/20071218  |d 2  |e 169,90  |f АНЛ:1  |f ЧЗГЛ:1